Housebuilding statistics: September 2002 (Record no. 71541)

MARC details
000 -LEADER
fixed length control field 00698cam a2200181 4500
001 - CONTROL NUMBER
control field WB3841-02
008 - FIXED-LENGTH DATA ELEMENTS--GENERAL INFORMATION
fixed length control field 021107n2002 000 0 eng u
035 ## - SYSTEM CONTROL NUMBER
System control number (Sirsi) u120392
245 ## - TITLE STATEMENT
Title Housebuilding statistics: September 2002
260 ## - PUBLICATION, DISTRIBUTION, ETC.
Date of publication, distribution, etc. 2002
490 ## - SERIES STATEMENT
Series statement ODPM Statistical Release
Volume/sequential designation (HB-11) 07 November 2002, (2)
520 ## - SUMMARY, ETC.
Summary, etc. ODPM has released statistics outlining housebuilding figures, estimating 16 900 dwellings were started in GB compared with 15 400 in September 2001. Statistics show an upward trend for most categories. www.odpm.gov.uk/news/0211/hb-11.htm
590 ## - LOCAL NOTE (RLIN)
Local note WB
650 ## - SUBJECT ADDED ENTRY--TOPICAL TERM
Topical term or geographic name entry element STATISTICS
650 ## - SUBJECT ADDED ENTRY--TOPICAL TERM
Topical term or geographic name entry element HOUSE BUILDING
690 ## - LOCAL SUBJECT ADDED ENTRY--TOPICAL TERM (OCLC, RLIN)
Topical term or geographic name as entry element BUILT ENVIRONMENT
942 ## - ADDED ENTRY ELEMENTS (KOHA)
Suppress in OPAC 0
Holdings
Withdrawn status Lost status Source of classification or shelving scheme Damaged status Not for loan Home library Current library Shelving location Date acquired Total Checkouts Full call number Barcode Date last seen Copy number Price effective from Koha item type
    Dewey Decimal Classification     London London News article 07/11/2002   WB3841-02 120392-1001 06/08/2019 1 06/08/2019 News article